Zdroje hospodárskeho rastu v Slovenskej republike a vybraných postkomunistických krajinách Európskej únie diplomová práca

Gespeichert in:
Bibliographische Detailangaben
1. Verfasser: Tafferner, Filip
Körperschaft: Národohospodárska fakulta EU. Katedra hospodárskej politiky
Weitere Verfasser: Lábaj, Martin, 1982-
Format: Buch
Sprache:Slowakisch
Veröffentlicht: Bratislava 2013
Tags: Tag hinzufügen
Keine Tags, Fügen Sie das erste Tag hinzu!

MARC

LEADER 00000nbm a2200000 4500
001 0170513
005 20161109102351.4
041 0 |a slo 
044 |a SK 
245 1 0 |a Zdroje hospodárskeho rastu v Slovenskej republike a vybraných postkomunistických krajinách Európskej únie  |b diplomová práca  |c Filip Tafferner ; školiteľ: Martin Lábaj 
264 1 |a Bratislava  |c 2013 
300 |a 66 s. 
100 1 |a Tafferner, Filip 
700 1 |a Lábaj, Martin, 1982- 
710 2 |a Národohospodárska fakulta EU. Katedra hospodárskej politiky